000 00375nam a2200157Ia 4500
008 180921t2013 xxu||||| |||| 00| 0 eng d
041 _aeng
080 _a8-32
_bHEW
100 _aHewage, Buddhadasa
245 4 _aThe Night to the Slaughtor
260 _b
_aPitigala
_c2013
300 _a71p, 21cm
942 _cBK
999 _c9513
_d9513
003 LK-CoDNM
040 _aLK-CoDNM
_dLK-CoDNM
_eLK-CoDNM